000 00693nac a22001811u 4500
008 100907t xxu||||| |||| 00| 0 eng d
020 _a8120324099
082 _a005.4469
_bN6918
100 _a20080729
_918604
245 _aOperating system :
_bLinux.
260 _aNew Delhi :
_bPrentice-Hall of India,
_c2003.
300 _a440 p. :
_bill. ;
_c24 cm.
650 _aLinux.
_918605
650 _aOperating systems (Computers).
_918606
710 _aNIIT (Corporation)
_918607
942 _cBB
_k005.4469N6918
_2ddc
999 _c770
_d770